| 000 | 00603nam a22001817a 4500 | ||
|---|---|---|---|
| 999 |
_c17865 _d17865 |
||
| 003 | OSt | ||
| 005 | 20230126155033.0 | ||
| 008 | 230126b ||||| |||| 00| 0 eng d | ||
| 040 | _c0 | ||
| 082 | _aDPer 370.5 M720 June - December 2017 v66 no. 1-7 | ||
| 100 |
_aLuchavez, Mary Leonilyn C. _eauthor. _947488 |
||
| 245 |
_aA lesson plan in Science III / _cMary Leonilyn C. Luchavez |
||
| 260 |
_aPhilippines : _bPapi Publishers, Inc., _cOctober 2017. |
||
| 300 | _avolume 66, pages 186-187. | ||
| 650 |
_aLesson plan. _947489 |
||
| 700 |
_aLuchavez, Mary Leonilyn C. _eauthor. _947490 |
||
| 942 |
_2ddc _cPER |
||